000 00576cam a2200181 i 4500
020 _a9781785887567
040 _cWaSeSS
082 _a372 MAC 1991 A107 Or.
100 1 _aBurrows, Alex.
245 1 0 _aDrupal 8 blueprints :
_bstep along the creation of 7 professional-grade Drupal sites /
300 _a1 online resource (262 pages)
650 0 _aWeb site development
650 0 _aWeb sites
710 2 _aProQuest (Firm)
710 2 _aSerials Solutions
856 4 0 _uhttps://ezproxy.spl.org/login?url=https://proquest.safaribooksonline.com/9781785887567
942 _cEK
999 _c16697
_d16697